00556nam a22001817a 450000500170000000800410001704000070005824500230006525000280008849000240011652001420014065000110028265000120029365000140030594200120031999900150033195200280034620250519152543.0250519b |||||||| |||| 00| 0 eng d cDO aAfrica's wild dogs aMay 1999 Vol. 195 No. 5 aNational Geographic aThe Caspian Sea, Africa's Wild Dogs, Pirates of the Whydah, Missouri Breaks, Ants and Plants- Friends and Foes, The rise of Life on Earth xAFRICA xPIRATES xDISCOVERY 2ddccCR c5544d5544 aDObDOpDSMSR051999-041